00000000nam 2200000zi 4500
0019.945751
003CaOODSP
00520241129085013
006m     o  d f      
007cr cn|||||||||
008241128e201111##qucado  of   f000 0 eng d
040 |aCaOODSP|beng|erda|cCaOODSP
043 |an-cn---|an-us---
0861 |aT29-85/2011E-PDF
24500|aWinter navigation on the river and Gulf of St. Lawrence : |bpractical notebook for marine engineers and deck officers.
250 |aNovember 2011 edition.
264 1|aQuébec (Québec) : |bTransport Canada = Transports Canada, |cNovember 2011.
300 |a1 online resource (61 pages) : |billustrations, graphs, photographs
336 |atext|btxt|2rdacontent
337 |acomputer|bc|2rdamedia
338 |aonline resource|bcr|2rdacarrier
500 |aCover title.
500 |aIssued also in French under title: Navigation hivernale sur le fleuve et le golfe du Saint-Laurent : guide pratique à l'intention des officiers de pont et des officiers mécaniciens de navires.
520 |a"Seafarers that are not familiar with vessels operating in ice conditions may not fully appreciate the risks involved and in consequence may not be adequately prepared. This notebook is a complement to the regulatory required Canadian Coast Guard, Fisheries and Oceans official publication, "Ice navigation in Canadian waters" and is intended for use by ships' owner and operator, charterers, agents and ships' senior officers who seek practical information on the ship's, response and operation, as well as to provide a better understanding of hazards which may be encountered when transiting Eastern Canadian ice covered waters during the winter navigation season"--Foreword, page 5.
650 0|aIce navigation|zSaint Lawrence, Gulf of|vHandbooks, manuals, etc.
650 0|aNavigation|zSaint Lawrence River|xSafety measures.
651 0|aSaint Lawrence, Gulf of|xNavigation|vHandbooks, manuals, etc.
655 7|aHandbooks and manuals|2lcgft
7101 |aCanada. |bTransport Canada, |eissuing body.
77508|tNavigation hivernale sur le fleuve et le golfe du Saint-Laurent : |w(CaOODSP)9.945756
795 |tWinter navigation on the river and Gulf of St. Lawrence |bVersion December 2009|w(CaOODSP)9.693839
85640|qPDF|s4.98 MB|uhttps://publications.gc.ca/collections/collection_2024/tc/T29-85-2011-eng.pdf
986 |aTP 14335 E